| 000 | 00690nam a2200217Ia 4500 | ||
|---|---|---|---|
| 003 | OSt | ||
| 005 | 20250530092100.0 | ||
| 008 | 210210b1978 xxu||||| |||| 00| 0 eng d | ||
| 040 | _cAL | ||
| 041 | _aKannada | ||
| 082 | _a398.2K JATK | ||
| 100 |
_aJATTU JATTI MUKRI _dಜಟ್ಟು ಜಟ್ಟಿ ಮುಕ್ರಿ _9211696 |
||
| 245 |
_aKaravaliya kathegalu _bಕರಾವಳಿಯ ಕಥೆಗಳು |
||
| 260 |
_aKumata. _bJnanapada Grantamale., _c1978 |
||
| 300 | _axvi,131 | ||
| 650 |
_aKaravaliya Janapada Kathegalu _9211697 |
||
| 690 |
_aFolklore _9211698 |
||
| 700 |
_aL R Hegade _dಎಲ್ ಆರ್ ಹೆಗ್ಡೆ ed _9211699 |
||
| 906 | _aSG01720 | ||
| 942 |
_2ddc _cBK |
||
| 999 |
_c112629 _d112629 |
||